[Event "Wloclawek CC Classic 03rd"]
[Site "Wloclawek"]
[Date "2012.??.??"]
[Round "7"]
[White "Lapinski, Jerzy"]
[Black "Lukomska, Dominika"]
[Result "1/2-1/2"]
[WhiteElo "1800"]
[BlackElo "1000"]
[PlyCount "101"]
[EventDate "2012.02.??"]
[EventType "swiss"]
[EventRounds "7"]
[EventCountry "POL"]
[SourceTitle "EXT 2021"]
[Source "ChessBase"]
[SourceDate "2020.10.23"]
[SourceVersion "1"]
[SourceVersionDate "2020.10.23"]
[SourceQuality "1"]

1. d4 d5 2. c4 c6 3. Bf4 Nd7 4. Nf3 Ngf6 5. Nc3 e6 6. a3 Be7 7. Qc2 Qa5 8. b4 Qb6 9. e3 0-0 10. h3 Re8 11. Bd3 a6 12. c5 Qd8 13. 0-0 b5 14. Rad1 Ra7 15. Ne5 Rc7 16. Rfe1 Bb7 17. e4 Nb8 18. exd5 cxd5 19. Nf3 Rc8 20. Ng5 h6 21. Nxf7 Kxf7 22. Bg6+ Kf8 23. Rxe6 Qd7 24. Rde1 h5 25. Bxe8 Rxe8 26. Bxb8 Rxb8 27. Rxe7 Qd8 28. Qg6 Qxe7 29. Rxe7 Kxe7 30. Qxg7+ Ke6 31. f3 Ne8 32. Qg3 Rd8 33. Qe5+ Kf7 34. Ne2 Nf6 35. Nf4 h4 36. Qe6+ Kg7 37. Qe7+ Kh6 38. Qxb7 Kg5 39. Ne6+ Kf5 40. Nxd8 Kf4 41. Qxa6 Kf5 42. Qe6+ Kg6 43. Nc6 Kg7 44. Ne5 Ng8 45. Qg6+ Kf8 46. Qd6+ Ke8 47. Qb8+ Ke7 48. Qxg8 Kf6 49. Qf7+ Kg5 50. f4+ Kh6 51. Nf3 1/2-1/2

[Event "Wloclawek CC Classic 03rd"]
[Site "Wloclawek"]
[Date "2012.??.??"]
[Round "1"]
[White "Lukomska, Dominika"]
[Black "Lebiedzinski, Maciej"]
[Result "0-1"]
[WhiteElo "1000"]
[BlackElo "1800"]
[PlyCount "48"]
[EventDate "2012.02.??"]
[EventType "swiss"]
[EventRounds "7"]
[EventCountry "POL"]
[SourceTitle "EXT 2021"]
[Source "ChessBase"]
[SourceDate "2020.10.23"]
[SourceVersion "1"]
[SourceVersionDate "2020.10.23"]
[SourceQuality "1"]

1. d4 d5 2. Nf3 g6 3. Nc3 c6 4. e4 dxe4 5. Nxe4 Bg7 6. Bd3 Bxd4 7. c3 Bg7 8. 0-0 Nf6 9. Re1 Nxe4 10. Rxe4 Bf5 11. Nh4 Bxe4 12. Qd2 Bxd3 13. Nf3 0-0 14. Ne1 Ba6 15. Qc2 Nd7 16. Qb3 Ne5 17. h3 Qc7 18. Nd3 Rfd8 19. Bf4 Rxd3 20. Rf1 Nf3+ 21. gxf3 Qxf4 22. Re1 Be5 23. a3 Bc4 24. Re4 Qxe4 0-1